00587nam a2200169Ia 4500008004000000020001800040082001500058100002600073245002900099260004000128300000800168650005300176690001300229906001100242999001900253952014500272210210b2004 xxu||||| |||| 00| 0 eng d a81 7371 465 7 a599.5 SATM aSATHASIVAM (Kumaran). aMarine mammals of India. aHyderabadbUniversities Pressc2004 a180 aMarine mammals cetacea whales dolphins porpoises aMammalia a060192 c107337d107337 001040708ZoologyaALbALcZoologyd2021-02-17eBook World, Mangalore.g300.00l0o599.5 SATMp060192r2021-02-17 00:00:00w2021-02-17yBK